| 000 -CABECERA |
| campo de control de longitud fija |
01068nam a2200193 a 4500 |
| 001 - NÚMERO DE CONTROL |
| campo de control |
000087002 |
| 005 - FECHA Y HORA DE LA ÚLTIMA TRANSACCIÓN |
| campo de control |
20200120224929.0 |
| 008 - DATOS DE LONGITUD FIJA--INFORMACIÓN GENERAL |
| campo de control de longitud fija |
190703s2015 ck e 000 f eng d |
| 020 ## - NÚMERO INTERNACIONAL ESTÁNDAR DEL LIBRO |
| Número Internacional Estándar del Libro |
9789583050329 |
| 082 04 - NÚMERO DE LA CLASIFICACIÓN DECIMAL DEWEY |
| Número de edición |
21 |
| 090 ## - LOCALMENTE ASIGNADO TIPO-LC NÚMERO DE CLASIFICACIÓN (OCLC); NÚMERO DE CLASIFICACIÓN LOCAL (RLIN) |
| Número de clasificación (OCLC) (R) ; Numero de clasificación, CALL (RLIN) (NR) |
AN |
| Número cutter local (OCLC) ; Número de libro/Signatura topográfica íntegra, CALL (RLIN) |
RUD |
| 100 1# - ENTRADA PRINCIPAL--NOMBRE DE PERSONA |
| Nombre de persona |
Rudas Gómez, Carolina María |
| 245 10 - MENCIÓN DE TÍTULO |
| Título |
Del fuego, el humo / |
| Mención de responsabilidad, etc. |
Carolina María Rudas Gómez ; directora, Marta Orrantia. |
| 500 ## - NOTA GENERAL |
| Nota general |
Incluye índice |
| 520 3# - SUMARIO, ETC. |
| Sumario, etc. |
"En una reunión de Alcohólicos Anónimos en Nueva York, una joven conoce a un escritor a quien le encarga la elaboración de un libro. Este encuentro es el origen de una extraña relación entre dos exiliados colombianos que nos va enseñando la cruda realidad de una nación asiática que vive en medio de un conflicto y la psicología de varios personajes inmersos en luchas que parecen inacabables. Novela psicológica y de aventuras con un fuerte y pulido carácter narrativo." |
| 650 14 - PUNTO DE ACCESO ADICIONAL DE MATERIA--TÉRMINO DE MATERIA |
| Término de materia o nombre geográfico como elemento de entrada |
Novela colombiana |
| Subdivisión cronológica |
Siglo XXI |
| 650 24 - PUNTO DE ACCESO ADICIONAL DE MATERIA--TÉRMINO DE MATERIA |
| Término de materia o nombre geográfico como elemento de entrada |
Literatura colombiana |
| Subdivisión cronológica |
Siglo XXI |
| 650 24 - PUNTO DE ACCESO ADICIONAL DE MATERIA--TÉRMINO DE MATERIA |
| Término de materia o nombre geográfico como elemento de entrada |
Violencia en la literatura |
| Subdivisión general |
Argumentos,tramas, etc. |